| Поле | Инд. | ПП | Название | Значение |
|---|---|---|---|---|
| Тип записи | a | |||
| Библиографический уровень | b | |||
| 001 | Контрольный номер | RU/IS/BASE/130355095 | ||
| 005 | Дата корректировки | 20220722122735.1 | ||
| 084 | a | Индекс другой классификации/Индекс ББК | 87.25 | |
| 100 | 10 | a | Автор | Карлик Е. А. |
| 245 | 00 | a | Заглавие | Формы материи - это лишь обменные процессы в материальном пространстве |
| 500 | a | Примечание | Статья печатается в порядке дискуссии | |
| 504 | 00 | a | Библиография | Лит.: с. 144. - Примеч. |
| 520 | 00 | a | Аннотация | По мнению автора, "единой для всех уровней науки должна стать теория обменных процессов, на языке свойств которых должны быть единообразно описаны свойства всего материального мира." |
| 650 | 04 | a | Основная рубрика | философия |
| a | Основная рубрика | философия науки | ||
| 653 | 00 | a | Ключевые слова | время |
| a | Ключевые слова | движение материи | ||
| a | Ключевые слова | материя | ||
| a | Ключевые слова | метафизика | ||
| a | Ключевые слова | методология | ||
| a | Ключевые слова | обменные процессы | ||
| a | Ключевые слова | онтология | ||
| a | Ключевые слова | пространство | ||
| a | Ключевые слова | философские исследования | ||
| 773 | 00 | t | Заглавие источника | Философские науки |
| d | Дата издания источника | 2000 | ||
| g | Прочая информация | № 2. - С. 133 - 144 | ||
| w | Контрольный № источника | RU/IS/BASE/141145618 | ||
| 901 | t | Тип документа | b |